| 000 | 01651nam a2200385 a 4500 | ||
|---|---|---|---|
| 001 | ebr10657935 | ||
| 003 | CaPaEBR | ||
| 006 | m u | ||
| 007 | cr cn||||||||| | ||
| 008 | 121010s2013 enkd sb 001 0 eng d | ||
| 010 | _z 2012039743 | ||
| 020 | _z9781444338294 (cloth) | ||
| 020 | _z9781444338287 (pbk.) | ||
| 020 | _z9781118295519 (e-book) | ||
| 040 |
_aCaPaEBR _cCaPaEBR |
||
| 035 | _a(OCoLC)812729671 | ||
| 050 | 1 | 4 |
_aHG173 _b.C574 2013eb |
| 082 | 0 | 4 |
_a332.1/5 _223 |
| 100 | 1 |
_aChristophers, Brett, _d1971- |
|
| 245 | 1 | 0 |
_aBanking across boundaries _h[electronic resource] : _bplacing finance in capitalism / _cBrett Christophers. |
| 260 |
_aChichester ; _aMalden, Mass. : _bJohn Wiley & Sons, _c2013. |
||
| 300 |
_axi, 290 p. : _bill. |
||
| 440 | 0 | _aAntipode book series | |
| 504 | _aIncludes bibliographical references and index. | ||
| 505 | 0 | _aThe birth of economic productiveness -- Instrumental internationalism -- Enclosing the unproductive -- America, and boundaries breached -- Layering the logics of free trade in banking -- Anaemic geographies of productive finance. | |
| 533 |
_aElectronic reproduction. _bPalo Alto, Calif. : _cebrary, _d2013. _nAvailable via World Wide Web. _nAccess may be limited to ebrary affiliated libraries. |
||
| 650 | 0 | _aFinance. | |
| 650 | 0 | _aBanks and banking. | |
| 650 | 0 | _aBanks and banking, International. | |
| 650 | 0 | _aInternational finance. | |
| 650 | 0 | _aCapitalism. | |
| 655 | 7 |
_aElectronic books. _2local |
|
| 710 | 2 | _aebrary, Inc. | |
| 856 | 4 | 0 |
_uhttp://site.ebrary.com/lib/rucke/Doc?id=10657935 _zAn electronic book accessible through the World Wide Web; click to view |
| 999 |
_c64932 _d64932 |
||